000 00928nam a2200253Ia 4500
003 OSt
005 20220923222611.0
006 a|||||r|||| 00| 0
007 ta
008 220922b |||||||| |||| 00| 0 hin d
024 _a206,401
037 _cTextual
040 _aARTS
_cARTS
_bhin
041 _2hin
_ahin
082 _aO152,6xN3, N3
100 _aमिश्र, विधानिवास, संपा.
245 0 _aस्तबक
_b व्यक्तिव्यंजक निबंधो का संकलन
246 _aStabaka: vyaktivyanjak nibandho kā sankalana
260 _aनई दिल्ली
_b साहित्य अकादमी
_c1993
300 _a212पृ.
_ccm.
650 _aहिन्दी साहित्य
_9156264
942 _hO152,6xN3, N3
_cTEXL
_2CC
999 _c357043
_d357043